[Event "Kamp Lintfort sim"]
[Site "Kamp Lintfort"]
[Date "2004.??.??"]
[Round "?"]
[White "Karpov, Anatoly"]
[Black "Kegelij, Pero"]
[Result "1-0"]
[WhiteElo "2682"]
[BlackElo "1728"]
[PlyCount "33"]
[EventDate "2004.??.??"]
[EventType "simul"]
[EventRounds "1"]
[EventCountry "GER"]
[SourceTitle "EXT 2007"]
[Source "ChessBase"]
[SourceDate "2006.11.23"]
[SourceVersion "1"]
[SourceVersionDate "2006.11.23"]
[SourceQuality "1"]

1. d4 {Tsesarsky,Ilya} d5 2. c4 e6 3. Nc3 Nf6 4. cxd5 Nxd5 5. e4 Nxc3 6. bxc3 c5 7. Nf3 Be7 ({RR} 7... cxd4 8. cxd4 Bb4+ ({RR} 8... Nc6)) 8. Bb5+ ({RR} 8. Be2 b6 9. O-O O-O 10. Bf4 Bb7 11. Qd3 cxd4 12. cxd4 Nc6 13. Rad1 Bd6 14. Qe3 Rc8 15. Ne5 ({RR} 15. d5 exd5 16. Rxd5 Bxf4 17. Qxf4 Qe7 18. Rfd1 Nd8 19. Rd7 Qxe4 20. Qxe4 Bxe4 21. Rxa7) 15... Nb4 16. Rd2 Qc7 17. Bg3 f6) ({RR} 8. Bd3 O-O ({RR} 8... Nd7 9. O-O O-O 10. Qe2 Re8 ({RR} 10... b6 11. d5 exd5 12. exd5 Bf6 13. Qc2 g6 14. Bh6 Re8 15. Bb5 Bb7 16. Rad1) 11. Rd1 ({RR} 11. e5) 11... Nf8 12. Ne5 f6 13. Nf3) ({RR} 8... Nc6 9. O-O cxd4 10. cxd4 O-O 11. e5 ({RR} 11. Be3) 11... Nb4 12. Bb1 Bd7 13. a3 Nd5 14. Qd3 g6 15. Qd2 ({RR} 15. Bh6 Re8 16. Ba2) 15... Rc8 16. Qh6 f5 17. exf6 ({RR} 17. Ng5 Bxg5 18. Bxg5 Qb6 19. Qh4) 17... Bxf6 18. Bg5 ({RR} 18. Ne5 Bg7 19. Qd2 ({RR} 19. Qh3 Bxe5 20. dxe5 Rxf2)) 18... Bc6 19. Be4) 9. O-O b6 10. d5 ({RR} 10. Qe2 Bb7 11. Bb2 ({RR} 11. Rd1) 11... Nd7 12. Rad1 Qc7 ({RR} 12... Nf6 13. Rfe1 Re8 14. Bb5 Rf8 15. d5) 13. e5 Rac8 14. Bc1 cxd4 15. cxd4 Rfd8 16. Ng5) 10... exd5 11. exd5 Bf6 12. Qc2 h6 13. Bf4 Bg4 14. Nd2 ({RR} 14. Ne5)) 8... Bd7 9. Bd3 O-O 10. Rb1 $146 ({RR} 10. O-O Nc6 ({RR} 10... Bc6) 11. a3 ({RR} 11. d5 Na5 12. c4 exd5 13. cxd5 ({RR} 13. exd5 Bf6 14. Rb1 b6 15. Qc2)) 11... Na5 12. Rb1 Rc8 13. Ne5 Be8 14. Qg4 ({RR} 14. d5 c4 15. Bc2 Bd6 16. f4 Bc5+ 17. Kh1 f6) 14... Kh8 15. Bb2 f6 ({RR} 15... cxd4 16. cxd4 f6 17. Nf3 Bf7 18. Rfc1) 16. Nf3 e5 ({RR} 16... Bf7 17. Rfd1) 17. dxe5 ({RR} 17. Be2 cxd4 18. cxd4 Bd7 19. Qg3 exd4 20. Nxd4 Qc7 21. Qh4) ({RR} 17. d5 c4) 17... f5 ({RR} 17... fxe5 18. Nxe5 Bf6 19. c4) ({RR} 17... Nc6 18. exf6 Bxf6 19. Rfd1) ({RR} 17... Qxd3 18. exf6 gxf6 19. Qxc8) 18. exf5 Qxd3 19. f6 gxf6 20. Qxc8 Rg8 21. Qe6 ({RR} 21. Qh3 Bc6 22. Kh1 Nc4 23. Rbd1 Qg6 24. Bc1 fxe5 25. Rfe1 e4) ({RR} 21. Kh1 Bh5 22. Qh3 Bg4 23. Qg3 Nc4 24. exf6 Bxf6 25. Qf4 Qg6 26. Rg1 Bf5 27. Qxc4 Bxb1 28. Qxc5 Be4) 21... Bc6 22. Ne1 ({RR} 22. Nh4 Bxg2 23. Nxg2 Qf3 24. Qxg8+ Kxg8) 22... Qxb1 ({RR} 22... Qe4 23. f3 Qxe5 24. Qxe5 fxe5 25. Nd3 Bd6 26. Rbd1 Nc4 27. Bc1 e4 28. fxe4 Bxe4 29. Rf2) 23. Qxe7 f5 ({RR} 23... Qxb2 24. exf6 Be8 25. f7 Bxf7 26. Qxf7 Qxc3) 24. Qf6+ Rg7 {Khurtsidze,N (2434)-Kuzmin,G (2527) Moscow 2002 CBM 088 [Tsesarsky,Ilya] 1-0} {RR} 25. Nf3 Qxb2 26. Nh4 Qd2 27. Nxf5 Qg5 28. Qxg7+ Qxg7 29. Nxg7 Kxg7 30. f4 Nc4) ({RR} 10. O-O Nc6 11. d5 Na5 12. c4 exd5 13. exd5 Bg4 14. h3 Bxf3 15. Qxf3 Bf6 16. Rb1 b6 17. Bf4 g6 18. Rfe1 Bg7 19. d6 Qd7 20. Re7 Qa4 21. Qe2 a6 22. Be4 Rab8 23. Bd5 Bf6 24. Bh6 Bxe7 {Brancaleoni,M (2185)-Sobek,J (2195) chess.com INT 2025 1-0}) 10... b6 11. O-O f6 12. Bf4 Qe8 13. Re1 g5 14. Bg3 c4 15. Bc2 a5 16. d5 e5 17. d6 1-0

[Event "Japfa Classic"]
[Site "Bali"]
[Date "2000.04.30"]
[Round "8"]
[White "Karpov, Anatoly"]
[Black "Zaw, Win Lay"]
[Result "1/2-1/2"]
[WhiteElo "2696"]
[BlackElo "2633"]
[PlyCount "144"]
[EventDate "2000.04.22"]
[EventType "tourn"]
[EventRounds "9"]
[EventCountry "INA"]
[EventCategory "16"]
[SourceTitle "CBM 077"]
[Source "ChessBase"]
[SourceDate "2000.07.27"]
[SourceVersion "1"]
[SourceVersionDate "2000.07.27"]
[SourceQuality "1"]

1. Nf3 Nf6 2. c4 e6 3. Nc3 d5 4. d4 c5 5. cxd5 Nxd5 6. e4 Nxc3 7. bxc3 cxd4 8. cxd4 Bb4+ 9. Bd2 Bxd2+ 10. Qxd2 Nc6 11. Bc4 O-O 12. O-O b6 13. Rfe1 ({RR} 13. d5 Na5 14. Bb5 exd5 15. exd5 Qd6 16. Rfe1 Bb7 17. Rad1 Rad8 18. Qg5 h6 19. Qh5 Qc5 20. a4 Rxd5 21. Rxd5 Qxd5 22. Qh3 Bc8 23. Qg3 Be6 24. Qc7 Qb7 25. Qd6 a6 26. Bd3 b5 27. Nd4 Nc4 {Zacurdajev,D (2239)-Solberg,J (2164) chess.com INT 2024 0-1 (41)}) ({RR} 13. d5 Na5 14. Be2 exd5 15. exd5 Bg4 16. d6 Qf6 17. Rfd1 Rad8 18. Qd4 Rfe8 19. Qxg4 Rxe2 20. Rac1 Nb7 21. Rc8 Nxd6 22. Rxd8+ Qxd8 23. h3 Qe7 24. Qa4 g6 25. Qc6 Re6 26. Rd5 Ne8 27. Qc8 Qc7 {Karpov,A (2725)-Seirawan,Y (2595) Monte Carlo 1993 ½-½ (33)}) 13... Bb7 14. d5 exd5 ({RR} 14... Na5 15. Bd3 h6 16. Qf4 Rc8 17. Rad1 Rc5 18. Nd4 exd5 19. e5 Bc8 20. h4 Nc4 21. Bf5 Re8 22. Rd3 Nd6 23. Bxc8 Qxc8 24. Rg3 Re6 25. Nxe6 Qxe6 26. Qg4 Nf5 27. Rf3 g6 28. h5 Rc4 29. Rf4 {Ponomariov,R (2727)-Vallejo Pons,F (2693) San Sebastian 2009 1-0 (36)}) 15. Bxd5 Na5 $146 ({RR} 15... Qe7 16. Rad1 Rad8 17. Qc3 Rc8 18. Nd4 Nxd4 19. Qxd4 Rfd8 20. h3 h6 21. Re3 Bxd5 22. exd5 Qc5 23. Qxc5 Rxc5 24. Re7 Rcxd5 25. Rxd5 Rxd5 26. Rxa7 g6 27. a4 h5 28. Ra6 b5 29. axb5 Rxb5 30. h4 {Grebnev,A (2473)-Pridorozhni,A (2550) Cheliabinsk 2021 ½-½}) ({RR} 15... Qe7 16. Rad1 Rad8 17. Qc3 Rc8 18. Nd4 Nxd4 19. Qxd4 Rfd8 20. h3 h6 21. Re3 Bxd5 22. exd5 Qc5 23. Qxc5 Rxc5 24. Re7 Rcxd5 25. Rxd5 Rxd5 26. Rxa7 g6 27. a4 h5 28. Ra6 b5 29. axb5 Rxb5 30. h4 {Grebnev,A (2473)-Pridorozhni,A (2550) Cheliabinsk 2021 ½-½}) 16. Rad1 Bxd5 17. Qb4 Re8 18. Rxd5 Qe7 19. Qxe7 Rxe7 20. Nd4 Rc8 21. f3 g6 22. Re2 Rc1+ 23. Kf2 Kg7 24. g3 Nc6 25. Nc2 Rc7 26. f4 Ne5 27. Ne3 Nc4 28. Ng2 a6 29. g4 b5 30. e5 Nb6 31. Rd6 R1c6 32. Rdd2 Nc4 33. Rd4 Re7 34. Rd8 g5 35. fxg5 Rxe5 36. h4 Rxe2+ 37. Kxe2 Rd6 38. Rxd6 Nxd6 39. Kd3 f6 40. gxf6+ Kxf6 41. Kd4 Nc4 42. Nf4 Ne5 43. Nd5+ Ke6 44. Nc7+ Kd6 45. Ne8+ Ke6 46. Ng7+ Kf6 47. Ne8+ Ke6 48. Nc7+ Kd6 49. Nxa6 Nxg4 50. Ke4 Nf6+ 51. Kf5 Nd5 52. Kg5 Nc3 53. Nb4 Ne4+ 54. Kh6 Ng3 55. Kg5 Ne4+ 56. Kf5 Ng3+ 57. Kf4 Nh5+ 58. Kg5 Ng3 59. Kf4 Nh5+ 60. Kg4 Nf6+ 61. Kf5 Nh5 62. Nc2 Kc5 63. Ne3 Kd4 64. Nf1 b4 65. Kg5 Ng7 66. Ng3 Kc3 67. Kh6 Ne6 68. Kxh7 Kb2 69. h5 Kxa2 70. Ne4 b3 71. Nd2 b2 72. h6 b1=Q+ 1/2-1/2

[Event "Buenos Aires"]
[Site "Buenos Aires"]
[Date "1980.??.??"]
[Round "?"]
[White "Najdorf, Miguel"]
[Black "Karpov, Anatoly"]
[Result "1/2-1/2"]
[WhiteElo "2510"]
[BlackElo "2725"]
[Annotator "Chekhov,Valery A"]
[PlyCount "46"]
[EventDate "1980.10.15"]
[EventType "tourn"]
[EventRounds "13"]
[EventCountry "ARG"]
[EventCategory "13"]
[SourceTitle "MCL"]
[Source "ChessBase"]
[SourceDate "1999.07.01"]
[SourceVersion "1"]
[SourceVersionDate "1999.07.01"]
[SourceQuality "1"]

1. Nf3 c5 2. c4 Nf6 3. g3 e6 4. Bg2 Be7 5. O-O O-O 6. Nc3 d5 7. cxd5 Nxd5 8. d4 Nc6 9. Nxd5 exd5 10. dxc5 Bxc5 11. b3 (11. Bg5 Qb6 12. Rc1 d4 13. Nd2 h6 (13... Re8 $5) 14. Nc4 $6 (14. Ne4 $1) 14... Qa6 15. Bf4 Qxa2 16. Ne5 Bb6 $1 $15 {Van der Sterren,P-Vaganian,R/Ter Apel/1992/0:1 (38) Inf 54/416/}) 11... Qf6 12. Rb1 ({RR} 12. Bg5 Qd6 13. Rc1 Ba3 14. Bf4 Qd8 15. Rc2 Be6 16. Ng5 Be7 17. Nxe6 fxe6 18. Rd2 Bb4 19. Rd3 Qf6 20. e4 d4 21. e5 Nxe5 22. Bxe5 Qxe5 23. Rxd4 Bc5 24. Re4 Qf6 25. Qe2 Rae8 26. Rf4 Qe7 {Coleman,M (2242)-Hajialiyev,I (2195) chess.com INT 2026 0-1 (47)}) 12... Bf5 13. Bb2 Qe7 14. Rc1 Rab8 $146 (14... Be4 15. Qd2 Bb6 (15... d4 $2 16. Qg5 $1 $16 {Huebner,R-Ivkov,B/BRD/1975/}) 16. Rfd1 Rad8 17. e3 Rfe8 $10 {O"kelly,A-Palatnik,S/BRD/1976/}) ({RR} 14... Be4) 15. e3 $2 (15. Qxd5 $1 $18) 15... Be4 16. Nd4 Bxd4 17. Bxd4 Bxg2 18. Kxg2 Qe4+ 19. f3 Qe6 20. Rf2 Rfd8 21. Rc3 Qf5 (21... h5 $5) 22. Rd2 Rd7 23. Rcd3 Nb4 (23... Nb4 24. Rc3 Nc6 25. Rcd3 Nb4 $10) 1/2-1/2

[Event "Dos Hermanas"]
[Site "Dos Hermanas"]
[Date "1993.??.??"]
[Round "7"]
[White "Khalifman, Alexander"]
[Black "Karpov, Anatoly"]
[Result "1/2-1/2"]
[WhiteElo "2630"]
[BlackElo "2725"]
[Annotator "Ftacnik,Lubomir"]
[PlyCount "85"]
[EventDate "1993.04.??"]
[EventType "tourn"]
[EventRounds "9"]
[EventCountry "ESP"]
[EventCategory "14"]
[SourceTitle "CBM 036"]
[Source "ChessBase"]
[SourceDate "1993.10.01"]
[SourceVersion "1"]
[SourceVersionDate "1993.10.01"]
[SourceQuality "1"]

1. Nf3 {Sagar,Shah} Nf6 2. c4 c5 3. Nc3 d5 4. cxd5 Nxd5 5. d4 e6 6. e4 ({RR} 6. e3) 6... Nxc3 7. bxc3 cxd4 8. cxd4 Nc6 9. Bc4 Bb4+ 10. Bd2 Bxd2+ 11. Qxd2 O-O 12. O-O b6 13. Rad1 Na5 (13... Bb7 14. Rfe1 (14. Qf4 Qf6 (14... Rc8 15. d5 exd5 16. exd5 Ne7 17. Rd4 Ng6 18. Qg4 Qd6 19. Rfd1 Rcd8 20. Ng5 Bc8 21. Qh5 h6 22. Ne6 Bxe6 23. dxe6 Qxd4 24. Rxd4 $16 {Forintos,Gy-Ostojic,Pr/Vrnjacka Banja/1973/1-0 (30)}) 15. Qe3 (15. Qc7 Na5 16. Bd3 h6 17. Qg3 Rfd8 18. d5 $1 exd5 19. e5 Qe7 20. Rfe1 Nc4 21. h4 $6 Nb2 22. Nd4 Nxd1 23. Nf5 Qf8 24. e6 $1 $36 {Lputian,S-Cifuentes Parada,R/Wijk aan Zee op/1993/0.5 (40)}) 15... Rfd8 16. e5 Qh6 17. Ng5 Nb4 18. f4 Rac8 19. Rc1 Bd5 20. Bxd5 Nxd5 21. Qf3 g6 22. g3 Qf8 23. Qb3 Qb4 24. Qxb4 $10 {Rausis,I-Zhuravlev,V/Daugavpils/1990/0.5 (40)}) 14... Rc8 15. d5 Na5 (15... exd5 16. Bxd5 Qc7 17. e5 Ne7 18. Bxb7 Qxb7 19. e6 fxe6 20. Ng5 Ng6 21. Rxe6 $14 {Nogueiras,J-Tal,M/Bruxelles/1988/}) 16. Bd3 Qd6 17. dxe6 Qxe6 18. Nd4 Qe5 $13 {Dokhoian-Webb/Memorial Petrosian/1989/}) 14. Bd3 (14. Be2 Bb7 15. d5 exd5 16. exd5 Qf6 17. Qd4 Rad8 18. Qxf6 gxf6 19. d6 Rfe8 20. Rd2 Rxe2 21. Rxe2 Ba6 22. Re7 Bxf1 23. Kxf1 Nc6 24. Rc7 $13 {Lauber,A-Ottmann,P/chU17 GER Steinsfurt (04)/1992/1-0 (35)}) 14... Bb7 15. Qf4 (15. d5 exd5 16. e5 d4 17. Nxd4 (17. Ng5 h6 18. Nh7 Qh4 19. Nxf8 Bxg2 20. Kxg2 {0,5/Kamsky,G-Seirawan,Y/Buenos Aires Najdorf (03)/1993/}) 17... Qd5 18. Qg5 h6 19. Qg3 Bc8 20. Bb1 Qc4 21. Qf3 Be6 22. Qe4 g6 23. Nxe6 Qxe6 24. Rd6 $14 {Lev,R-Onat,I/Haifa ETC (3)/1989/1-0 (65)}) ({RR} 15. h4 Rc8 16. h5 h6 17. Rfe1 Qe7 ({RR} 17... Nc4 18. Qe2 ({RR} 18. Bxc4 Rxc4 19. d5 exd5 20. exd5 Rc5) 18... Nd6 19. d5 exd5 20. e5 Re8 21. Nd4 Nc4) 18. d5 Nc4 19. Bxc4 ({RR} 19. Qe2 exd5 20. exd5 Qxe2 21. Bxe2 Rfd8) ({RR} 19. Qf4 Nb2 20. Rd2 Nxd3 21. Rxd3 Rfd8 22. d6 Qf6 23. Qg3 ({RR} 23. Qxf6 gxf6) 23... Rc4 24. e5 Qf5) 19... Rxc4 20. Ne5 ({RR} 20. d6 Qf6 21. e5 Qf5) 20... Rc5 ({RR} 20... Ra4 21. d6 Qh4 ({RR} 21... Qf6 22. Nd7) 22. Nf3 Qd8 ({RR} 22... Qxh5 23. d7 Rd8 24. Qc2) 23. d7 Bxe4 24. Ne5 ({RR} 24. Rxe4 Rxe4 25. Qd6) 24... Bd5 25. Rc1 f6 26. Rc8 fxe5 27. Rxd8 Rxd8 28. Rc1 Rxd7 29. Rc8+ Kf7 30. Qd3) 21. d6 Qd8 ({RR} 21... Qh4 22. d7 Rd8 23. Qd6) 22. Qf4 f6 23. Ng6 Rf7 24. e5 ({RR} 24. Qg4 Qe8 ({RR} 24... Qd7 25. e5 f5 ({RR} 25... fxe5 26. Nxe5 Rxe5 27. Rxe5) 26. Qg3) 25. d7 Rxd7 26. Rxd7 Qxd7 27. Rd1 Qe8 28. Qxe6+ Qxe6 29. Rd8+) 24... fxe5 25. Ne7+ Kf8 ({RR} 25... Rxe7 26. dxe7 Qxe7 27. Rxe5) 26. Ng6+ Kg8 27. Ne7+ Kf8 28. Qg4 Bd5 ({RR} 28... Rxe7 29. dxe7+ Qxe7 30. Rc1) 29. Nxd5 exd5 {Tomashevsky,E (2747)-Lysyj,I (2673) Chita 2015 CBM 168 [Sagar,Shah] 1-0 (40)}) ({RR} 15. Rfe1 {RR} Rc8 16. d5 exd5 17. e5 Nc4 18. Qf4 Nb2 19. Bxh7+ Kxh7 20. Ng5+ Kg6 21. h4 Rc4 22. h5+ Kh6 23. Nxf7+ Kh7 24. Qf5+ Kg8 25. e6 Qf6 26. Qxf6 gxf6 27. Rd2 Rc6 28. Rxb2 Re8 29. Nh6+ Kh7 30. Nf5) ({RR} 15. d5 exd5 16. e5 d4 17. Nxd4 Qh4 18. Nf5 Qg4 19. f3 Qd4+ 20. Nxd4 {1-0 (20) Gurevich,D (2358)-Bogaudinov,R (1913) chess.com INT 2024}) 15... Qf6 (15... f6 $5 16. d5 e5 17. Qg3 Qd6 18. Nh4 Bc8 $13) 16. Qg3 Qe7 $146 (16... Qg6 17. Qh4 Qf6 18. Qh3 Qh6 19. Qxh6 gxh6 20. Ne5 Rfd8 21. Bb1 Rd6 22. Rd2 Rad8 23. Rfd1 $14) ({RR} 16... Qg6 17. Qh3 Rfd8 18. d5 exd5 19. exd5 Qh6 20. Qxh6 gxh6 21. Be4 Nc4 22. Nh4 Nd6 23. Bf3 Rac8 24. Rd2 Rc3 25. g3 Rdc8 26. Rfd1 b5 27. Bg4 Rd8 28. Ng2 a5 29. Ne3 b4 30. Rd4 Bc8 31. Kg2 {Janssen,R (2468)-Trajkovic,P (2351) Kavala 2002 1-0 (74)}) ({RR} 16... h6 17. Rfe1 Rfe8 18. h4 Rad8 19. d5 e5 20. Rc1 Qd6 21. h5 Bc8 22. Bb5 Re7 23. Nd4 Qb4 24. Rxc8 Qxe1+ 25. Kh2 exd4 26. Rxd8+ Kh7 27. Qb8 {1-0 (27) Werle,J (2551)-De Jong,M (2263) Hoogeveen 2006}) 17. d5 Rad8 (17... exd5 18. exd5 Rad8 19. Bxh7+ Kxh7 20. Ng5+ Kh6 21. Qh4+ Kg6 22. Qh7+ Kf6 (22... Kxg5 23. f4+ Kf6 24. Qh4+ Kf5 25. g4+ Kg6 26. f5#) 23. Ne4+ $18) 18. e5 $1 Bxd5 (18... Rxd5 19. Bxh7+ Kxh7 20. Ng5+ Kg8 21. Qh4 Qxg5 22. Qxg5 $18) 19. Bxh7+ Kxh7 20. Rxd5 (20. Ng5+ Kg8 21. Rxd5 (21. Qh4 Be4 $1 $19) 21... Rxd5) 20... Rxd5 21. Ng5+ Kg8 (21... Kh6 $2 22. Qh4+ Kg6 23. Qh7+ Kxg5 24. f4+ Kg4 25. Qh3#) (21... Kg6 22. Nxe6+ Kf5 23. Nxg7+ Ke4 24. Qe3#) 22. Qh4 Qxg5 $8 23. Qxg5 Nc6 (23... f6 24. Qg3 Rxe5 25. f4 Re4 26. Rc1) (23... Nc4 $5 24. f4 Ne3 25. Re1 Nf5) 24. f4 Nd4 25. h4 (25. g4 Rc8 26. f5 Rxe5) 25... Rc8 $15 26. Qg4 Nf5 27. Re1 Rc4 28. h5 Rdd4 29. Qf3 (29. g3 $2 Rc3 $17) 29... Rxf4 30. Qa8+ Kh7 31. Qxa7 Rg4 (31... Nd4 32. Qa3 (32. Qxb6 $2 Rc1 $3 33. Rxc1 $140 Ne2+ 34. Kh2 Rh4#) 32... Rc2 $44) (31... Rc2 32. Qxf7 Rxg2+ 33. Kxg2 Nh4+ 34. Kg3 Rxf7 35. Kxh4 Rf5 $10) 32. Qxf7 Rc2 33. Qb7 Nh4 34. Kf1 Nxg2 $6 (34... Rf4+ $1 35. Kg1 Rxa2 $1 36. Kh2 $1 (36. Qc6 Rxg2+ 37. Kh1 Rg5 38. Qxe6 Nf3 $19) (36. Qxb6 Rxg2+ 37. Kh1 Rf3 $19) 36... Rxg2+ 37. Kh3 Rc2 (37... Rgf2 38. Re4) 38. Kg3) 35. Re4 Rg5 (35... Nf4 36. Rd4 (36. Qxb6 Rh4 37. Qg1 Rg2) 36... Rh4 37. Qe4+ Kh6 38. Qxc2 Rh1+ 39. Kf2 Rh2+ 40. Ke3 Rxc2 41. Kxf4 Kxh5 42. Rd6 $17) 36. Qe7 Rf5+ (36... Rxh5 37. Kg1 Rh6 38. Rg4) 37. Kg1 Nf4 38. Rxf4 $1 (38. Qh4 Ne2+ (38... Rg5+ 39. Kf1 Rxh5 $17) 39. Kh1 Kh6) 38... Rxf4 39. Qxe6 Rcc4 40. Qg6+ Kh8 41. Qe8+ Kh7 42. Qg6+ Kh8 43. Qe8+ 1/2-1/2

[Event "Mar del Plata Clarin Masters"]
[Site "Mar del Plata"]
[Date "1982.02.??"]
[Round "?"]
[White "Panno, Oscar"]
[Black "Karpov, Anatoly"]
[Result "1/2-1/2"]
[WhiteElo "2510"]
[BlackElo "2720"]
[PlyCount "84"]
[EventDate "1982.02.??"]
[EventType "tourn"]
[EventRounds "13"]
[EventCountry "ARG"]
[EventCategory "13"]
[SourceTitle "MCL"]
[Source "ChessBase"]
[SourceDate "1999.07.01"]
[SourceVersion "1"]
[SourceVersionDate "1999.07.01"]
[SourceQuality "1"]

1. c4 c5 2. Nf3 Nf6 3. Nc3 e6 4. g3 Nc6 5. Bg2 d5 6. cxd5 Nxd5 7. O-O Be7 8. d4 O-O 9. Nxd5 exd5 10. dxc5 Bxc5 11. Ne1 d4 12. Nd3 Bb6 13. a4 $146 ({RR} 13. Bd2 Re8 14. Re1 Bf5 15. b4 Be4 16. Qb3 Qd7 {½-½ (16) Tatai,S-Parma,B Ljubljana/Portoroz 1973}) ({RR} 13. b4 Re8 14. a4 Bg4 15. Re1 a6 16. Bf4 Rc8 17. Qd2 h6 18. h3 Bf5 19. Qb2 {½-½ (19) Bischoff,K (2561)-Pinter,J (2501) Austria 2004}) ({RR} 13. b4 Re8 14. a4 a6 15. Bd2 Bg4 16. Re1 Qd7 17. Rc1 Rac8 18. Bf4 Qe7 19. Qb3 Bf5 20. Bd5 Be4 21. Bxe4 Qxe4 22. Nb2 d3 23. Qxd3 Qxb4 24. Nc4 Rcd8 25. Qb1 Bc5 26. Qa2 Nd4 27. Ne5 Qb3 {Shanava,K (2502)-Al Hosani,O (2191) Baku 2022 ½-½ (40)}) ({RR} 13. b4 Re8 14. Bb2 Qe7 15. b5 Na5 16. Qa4 Bg4 17. Nf4 Bxe2 18. Rfe1 d3 19. Nxd3 Qd7 20. Nf4 Bxb5 21. Qb4 Bc6 22. Qc3 f6 23. Bh3 Qc7 24. Be6+ Kh8 25. Nh5 Re7 26. Ba3 Rf8 27. Bxe7 Qxe7 {Panchenko,A-Palatnik,S (2480) Leningrad 1976 1-0 (49)}) 13... Re8 14. Bd2 a6 15. Re1 Bf5 16. Nb4 Nxb4 17. Bxb4 Qd7 18. Rc1 Rac8 19. Rxc8 Rxc8 20. Qb3 Be6 21. Qa3 h6 22. Be4 Bd5 23. Bxd5 Qxd5 24. a5 Bd8 25. Rd1 Qc4 26. Rd3 Qc1+ 27. Kg2 Qc6+ 28. Rf3 Qb5 29. Qb3 Bf6 30. Bd2 Qc6 31. h4 Re8 32. Qd3 Re6 33. b4 Re4 34. Kg1 Qe6 35. Kf1 Be7 36. b5 Bc5 37. bxa6 bxa6 38. Be1 Ba7 39. Bd2 Re5 40. Rf4 h5 41. Qf3 Bc5 42. Qa8+ Kh7 1/2-1/2